Rekurrentnyje metody optimal'nych rešenij v stochastičeskich sistemach markovskije processy rešenij

Salvato in:
Dettagli Bibliografici
Autore principale: Baranov, Pavel Vasil'jevič
Natura: Libro
Lingua:russo
Pubblicazione: Char'kov Vyšča škola 1981
Tags: Aggiungi Tag
Nessun Tag, puoi essere il primo ad aggiungerne!!

MARC

LEADER 00000nam a2200000 4500
001 c126286
005 20050301105518.1
041 0 |a rus 
044 |a UA 
245 1 0 |a Rekurrentnyje metody optimal'nych rešenij v stochastičeskich sistemach  |b markovskije processy rešenij  |c Pavel Vasil'jevič Baranov 
264 1 |a Char'kov  |b Vyšča škola  |c 1981 
300 |a 143 s. 
100 1 |a Baranov, Pavel Vasil'jevič